The South Asia story : (Record no. 36392)

MARC details
000 -LEADER
fixed length control field 01107cam a22002658a 4500
005 - DATE AND TIME OF LATEST TRANSACTION
control field 20100317123607.0
008 - FIXED-LENGTH DATA ELEMENTS--GENERAL INFORMATION
fixed length control field 100317s2010 ii b 001 0 eng
010 ## - LCCN (DPL NO)
LC control number ENG-96203
020 ## - INTERNATIONAL STANDARD BOOK NUMBER
International Standard Book Number 9788132101215
Terms of availability 295.00
035 ## - SYSTEM CONTROL NUMBER
System control number EN-79736
037 ## - SOURCE OF ACQUISITION
Source of stock number/acquisition DBAD/PUB
040 ## - CATALOGING SOURCE
Original cataloging agency DPL
Language of cataloging Eng
082 ## - DEWEY DECIMAL CLASSIFICATION NUMBER
Classification number 327.7305491
100 ## - MAIN ENTRY--PERSONAL NAME
Personal name Gould, Harold A.
Fuller form of name (Harold Alton),
Dates associated with a name 1926-
245 ## - TITLE STATEMENT
Title The South Asia story :
Remainder of title the first sixty years of U.S. relations with India and Pakistan /
Statement of responsibility, etc by Harold A. Gould
260 ## - PUBLICATION, DISTRIBUTION, ETC. (IMPRINT)
Place of publication, distribution, etc New Delhi
Name of publisher, distributor, etc Sage Publications
Date of publication, distribution, etc 2010
300 ## - PHYSICAL DESCRIPTION
Extent 136p. :
Dimensions 22 cm (pbk)
Other physical details b&w photos
500 ## - GENERAL NOTE
General note Includes bibliographical references and index
651 ## - SUBJECT ADDED ENTRY--GEOGRAPHIC NAME
Geographic name United States
General subdivision Foreign relations
Geographic subdivision India.
651 ## - SUBJECT ADDED ENTRY--GEOGRAPHIC NAME
Geographic name India
General subdivision Foreign relations
Geographic subdivision United States.
651 ## - SUBJECT ADDED ENTRY--GEOGRAPHIC NAME
Geographic name United States
General subdivision Foreign relations
Geographic subdivision Pakistan.
651 ## - SUBJECT ADDED ENTRY--GEOGRAPHIC NAME
Geographic name Pakistan
General subdivision Foreign relations
Geographic subdivision United States.
942 ## - ADDED ENTRY ELEMENTS (KOHA)
Source of classification or shelving scheme Dewey Decimal Classification
Item type English Books
Classification part 327.7305491
Call number suffix GOU
Holdings
Withdrawn status Lost status Source of classification or shelving scheme Materials specified (bound volume or other part) Damaged status Not for loan Collection code Home library Current library Date acquired Source of acquisition Cost, normal purchase price Total Checkouts Full call number Barcode Date last seen Copy number Cost, replacement price Koha item type
    Dewey Decimal Classification Hb   Not For Loan Non-fiction D.B.Act.Division D.B.Act.Division 03/05/2010 DBAD/PUB 295.00   327.7305491 GOU EN-79736 29/05/2010 1 295.00 English Books

© Delhi Public Library
Hit Counter
free hit counter